10 Największych Afrykańskich Państw - Statystyki

Ogólne statystyki
  • Ten quiz został rozwiązany 92 razy
  • Średni wynik to 5 z 10
Statystyki odpowiedzi
km2 Country % Poprawnych
1,221,037 Republika Półudniowej Afryki
78%
1,886,068 Sudan
77%
1,759,540 Libia
58%
1,284,000 Czad
55%
1,267,000 Niger
55%
1,104,300 Etiopia
53%
1,246,700 Angola
47%
1,240,192 Mali
47%
2,381,741 Algeria
35%
2,344,858 Demokratyczna RepublikaKongo
24%
Nie znaleziono quizów pasujących do podanych kryteriów
Rozkład punktacji
Procent ludzi z każdym wynikiem
Percentyl według liczby udzielonych odpowiedzi
Twoja historia wyników
Nie rozwiązałeś tego quizu